National development and local reform : (Record no. 35904)
[ view plain ]
| 000 -LEADER | |
|---|---|
| fixed length control field | 01054nam a22003011 4500 |
| 001 - CONTROL NUMBER | |
| control field | 35904 |
| 003 - CONTROL NUMBER IDENTIFIER | |
| rucl marc code | BD-RjUL |
| 005 - DATE AND TIME OF LATEST TRANSACTION | |
| control field | 20211209052411.0 |
| 008 - FIXED-LENGTH DATA ELEMENTS--GENERAL INFORMATION | |
| fixed length control field | 140611s1967 nju b 000 0 eng d |
| 035 ## - SYSTEM CONTROL NUMBER | |
| System control number | (BD-RjUL)36000 |
| System control number | (OCoLC)504552 |
| 040 ## - CATALOGING SOURCE | |
| Original cataloging agency | DLC |
| Transcribing agency | ODaWU |
| Modifying agency | OCoLC |
| -- | DLC |
| -- | BD-RjUL |
| Language of cataloging | eng |
| 041 ## - LANGUAGE CODE | |
| Language code of text/sound track or separate title | eng |
| 082 00 - DEWEY DECIMAL CLASSIFICATION NUMBER | |
| Classification number | 320.3 |
| Author mark and year | ASN 1967 |
| 100 1# - MAIN ENTRY--PERSONAL NAME | |
| Personal name | Ashford, Douglas Elliott. |
| 9 (RLIN) | 109327 |
| 245 10 - TITLE STATEMENT | |
| Title | National development and local reform : |
| Remainder of title | political participation in Morocco, Tunisia, and Pakistan / |
| Statement of responsibility, etc. | by Douglas E. Ashford. |
| 260 ## - PUBLICATION, DISTRIBUTION, ETC. (IMPRINT) | |
| Place of publication, distribution, etc. | Princeton, N.J. : |
| Name of publisher, distributor, etc. | Princeton University Press, |
| Date of publication, distribution, etc. | 1967. |
| 300 ## - PHYSICAL DESCRIPTION | |
| Pagination | xi, 439 p. ; |
| Size | 25 cm. |
| 504 ## - BIBLIOGRAPHY, ETC. NOTE | |
| Bibliography, etc | Bibliography: p. 387-428. |
| 650 #0 - SUBJECT ADDED ENTRY--TOPICAL TERM | |
| Topical term or geographic name as entry element | Local government |
| Geographic subdivision | Morocco. |
| 9 (RLIN) | 109329 |
| Topical term or geographic name as entry element | Local government |
| Geographic subdivision | Tunisia. |
| 9 (RLIN) | 109330 |
| Topical term or geographic name as entry element | Local government |
| Geographic subdivision | Pakistan. |
| 9 (RLIN) | 16523 |
| 942 ## - ADDED ENTRY ELEMENTS (KOHA) | |
| Source of classification or shelving scheme | Dewey Decimal Classification |
| Koha item type | Books |
| Lost status | Source of classification or shelving scheme | Damaged status | Not for loan | Collection code | Permanent Location | Current Location | Shelving location | Date acquired | Source of acquisition | Cost, normal purchase price | Total Checkouts | Full call number | Date last seen | Copy number | Koha item type |
|---|---|---|---|---|---|---|---|---|---|---|---|---|---|---|---|
| Dewey Decimal Classification | Non-fiction | Central Library, University of Rajshahi | Central Library, University of Rajshahi | 27/03/1968 | Paramount Book Cor. | 50.00 | 320.3 ASN 1967 | 11/06/2014 | C-4 | Books | |||||
| Dewey Decimal Classification | Non-fiction | Central Library, University of Rajshahi | Central Library, University of Rajshahi | 27/03/1968 | Paramount Book Cor. | 50.00 | 320.3 ASN 1967 | 11/06/2014 | C-5 | Books | |||||
| Dewey Decimal Classification | Non-fiction | Central Library, University of Rajshahi | Central Library, University of Rajshahi | 27/03/1968 | Paramount Book Cor. | 50.00 | 320.3 ASN 1967 | 11/06/2014 | C-2 | Books | |||||
| Dewey Decimal Classification | Non-fiction | Central Library, University of Rajshahi | Central Library, University of Rajshahi | 27/03/1968 | Paramount book co | 50.00 | 320.3 ASN 1967 | 12/06/2014 | C-3 | Books | |||||
| Dewey Decimal Classification | Non-fiction | Central Library, University of Rajshahi | Central Library, University of Rajshahi | 27/03/1968 | Paramount book co | 50.00 | 320.3 ASN 1967 | 12/06/2014 | C-6 | Books | |||||
| Dewey Decimal Classification | Not For Loan | Non-fiction | Central Library, University of Rajshahi | Central Library, University of Rajshahi | Reading Room | 27/03/1968 | Paramount book Corporation | 50.00 | 320.3 ASN 1967 | 12/12/2016 | C-1 | Books |